| Tag |
First Indicator |
Second Indicator |
Subfields |
| LEADER |
00000cam a2200000Ia 4500 |
| 001 |
in00002472425 |
| 005 |
20210727085312.0 |
| 006 |
m d |
| 007 |
cr cn||||||||| |
| 008 |
081017s2006 gw sb 001 0 eng d |
| 020 |
|
|
|a 3540339671
|
| 020 |
|
|
|a 9783540339670
|
| 035 |
|
|
|a (OCoLC)262692920
|
| 035 |
|
|
|a (OCoLC)ocn262692920
|
| 035 |
|
|
|a 3073017
|
| 037 |
|
|
|a 978-3-540-30993-2
|b Springer
|n http://www.springerlink.com
|
| 040 |
|
|
|a GW5XE
|b eng
|c GW5XE
|d UtOrBLW
|
| 049 |
|
|
|a TEFA
|
| 050 |
1 |
4 |
|a QA3
|b .L28 no.1880-1882eb
|
| 050 |
1 |
4 |
|a QA3
|b .L47 no. 1880-1882eb
|
| 050 |
1 |
4 |
|a QC174.85.O6
|b O64 2006eb
|
| 072 |
|
7 |
|a QA
|2 lcco
|
| 072 |
|
7 |
|a QC
|2 lcco
|
| 082 |
0 |
4 |
|a 530.12
|2 22
|
| 245 |
0 |
0 |
|a Open quantum systems /
|c S. Attal, A. Joye, C.-A. Pillet (eds.).
|
| 264 |
|
1 |
|a Berlin :
|b Springer,
|c [2006]
|
| 264 |
|
4 |
|c ©2006
|
| 300 |
|
|
|a 3 volumes ;
|c 24 cm.
|
| 336 |
|
|
|a text
|b txt
|2 rdacontent
|
| 337 |
|
|
|a computer
|b c
|2 rdamedia
|
| 338 |
|
|
|a online resource
|b cr
|2 rdacarrier
|
| 490 |
1 |
|
|a Lecture notes in mathematics,
|x 0075-8434 ;
|v 1880-1882
|
| 500 |
|
|
|a Electronic resource.
|
| 500 |
|
|
|a Lectures.
|
| 504 |
|
|
|a Includes bibliographical references and index.
|
| 505 |
0 |
|
|a [v. 1]. The Hamiltonian approach -- [v. 2]. The Markovian approach -- [v. 3]. Recent developments.
|
| 533 |
|
|
|a Electronic reproduction.
|b New York :
|c Springer,
|d 2008.
|n Mode of access: World Wide Web.
|n System requirements: Web browser.
|n Title from title screen (viewed on Oct. 10, 2008).
|n Access may be restricted to users at subscribing institutions.
|
| 650 |
1 |
7 |
|a Kwantummechanica.
|2 gtt
|
| 650 |
1 |
7 |
|a Systeemdynamica.
|2 gtt
|
| 650 |
|
0 |
|a Open systems (Physics)
|0 http://id.loc.gov/authorities/subjects/sh85094897
|
| 650 |
|
0 |
|a Quantum theory.
|0 http://id.loc.gov/authorities/subjects/sh85109469
|
| 650 |
|
6 |
|a Systèmes ouverts (Physique)
|
| 650 |
|
6 |
|a Théorie quantique.
|
| 655 |
|
7 |
|a Electronic books.
|2 local
|
| 700 |
1 |
|
|a Attal, S.
|q (Stéphane)
|0 http://id.loc.gov/authorities/names/nb2006015496
|
| 700 |
1 |
|
|a Joye, Alain.
|0 http://id.loc.gov/authorities/names/nb2006011814
|
| 700 |
1 |
|
|a Pillet, C.-A.
|q (Claude-Alain)
|0 http://id.loc.gov/authorities/names/nb2006015498
|
| 710 |
2 |
|
|a SpringerLink (Online service)
|0 http://id.loc.gov/authorities/names/no2005046756
|
| 776 |
1 |
|
|c Original
|z 3540309918
|z 9783540309918
|z 3540309926
|z 9783540309925
|z 3540309934
|z 9783540309932
|w (DLC) 2006923432
|w (OCoLC)70132630
|
| 830 |
|
0 |
|a Lecture notes in mathematics (Springer-Verlag) ;
|v 1880-1882.
|0 http://id.loc.gov/authorities/names/n42015165
|
| 856 |
4 |
0 |
|u http://proxy.library.tamu.edu/login?url=https://dx.doi.org/10.1007/b128453
|z Connect to the full text of this electronic book
|t 0
|
| 994 |
|
|
|a C0
|b TEF
|
| 999 |
|
|
|a MARS
|
| 999 |
f |
f |
|s 6b8b0080-74f7-3b85-bf99-8f9873e94f49
|i 5ba374d3-0473-3c03-a960-564dbab2c886
|t 0
|
| 952 |
f |
f |
|a Texas A&M University
|b College Station
|c Electronic Resources
|d Available Online
|t 0
|e QC174.85.O6 O64 2006eb
|h Library of Congress classification
|
| 998 |
f |
f |
|a QC174.85.O6 O64 2006eb
|t 0
|l Available Online
|